000 00460nam a2200193Ia 4500
005 20250423101049.0
008 250422s9999 xx 000 0 und d
020 _a0132378345
050 _aTA 545 .N28/
100 _aNathanson, Jerry.
245 0 _aSurveying fundamentals and practices
250 _a6th ed.
260 _aNew Jersey
260 _bPearson Education, inc.
260 _c2011
300 _a343 p
650 _aSurveying.
942 _cBK
999 _c35174
_d35174